[Event "Valdepenas U1600 op 2nd"]
[Site "Valdepenas"]
[Date "2020.07.25"]
[Round "4.3"]
[White "Martinez Ferrer, Juan Antonio"]
[Black "Perez Manzanedo, Carlos"]
[Result "1-0"]
[WhiteElo "1516"]
[BlackElo "1574"]
[PlyCount "51"]
[EventDate "2020.07.25"]
[EventType "swiss (rapid)"]
[EventRounds "7"]
[EventCountry "ESP"]
[SourceTitle "EXT 2024"]
[Source "ChessBase"]
[SourceDate "2023.10.10"]
[SourceVersion "1"]
[SourceVersionDate "2023.10.10"]
[SourceQuality "1"]

1. d4 d5 2. f4 Nf6 3. Nf3 e6 4. e3 c5 5. c3 Nc6 6. Bd3 Bd6 7. 0-0 0-0 8. Ne5 Ne4 9. Nd2 f5 10. Nxe4 dxe4 11. Bc2 Qh4 12. Qe1 Qh6 13. Bd2 cxd4 14. exd4 Be7 15. Bb3 Nxe5 16. fxe5 g5 17. d5 exd5 18. Bxd5+ Be6 19. c4 Bxd5 20. cxd5 Qb6+ 21. Kh1 Qxb2 22. Bc3 Qa3 23. d6 Bxd6 24. exd6 a5 25. Qd2 h6 26. Qd4 1-0